|
|
|
|
| LEADER |
00000naa2a2200000 4500 |
| 001 |
423221 |
| 005 |
20231101073932.0 |
| 035 |
|
|
|a (RuTPU)RU\TPU\prd\81182
|
| 035 |
|
|
|a RU\TPU\prd\6179
|
| 090 |
|
|
|a 423221
|
| 100 |
|
|
|a 20100426a2002 k y0rusy50 ca
|
| 101 |
0 |
|
|a rus
|
| 102 |
|
|
|a RU
|
| 200 |
1 |
|
|a Когерентное туннелирование между элементарными проводящими слоями в проводнике с волной зарядовой плотности NdSe3
|f Ю. И. Латышев, А. А. Синченко, Л. Н. Булаевский и др.
|
| 225 |
1 |
|
|a Конденсированные среды
|
| 320 |
|
|
|a Библиогр.: 15 назв.
|
| 461 |
|
1 |
|0 (RuTPU)RU\TPU\prd\1483
|x 0370-274X
|t Письма в Журнал экспериментальной и теоретической физики
|o научно-теоретический журнал
|f Российская академия наук
|d 1970-
|
| 463 |
|
1 |
|0 (RuTPU)RU\TPU\prd\81161
|t Т. 75, вып. 1-2
|v с. 103-108
|d 2002
|
| 610 |
1 |
|
|a когерентность
|
| 610 |
1 |
|
|a элементарные проводящие слои
|
| 610 |
1 |
|
|a проводники
|
| 610 |
1 |
|
|a туннелирование
|
| 701 |
|
1 |
|a Латышев
|b Ю. И.
|
| 701 |
|
1 |
|a Синченко
|b А. А.
|
| 701 |
|
1 |
|a Булаевский
|b Л. Н.
|
| 701 |
|
1 |
|a Павленко
|b В. Н.
|
| 701 |
|
1 |
|a Монсо
|b П.
|
| 801 |
|
1 |
|a RU
|b 63413507
|c 20020910
|g PSBO
|
| 801 |
|
2 |
|a RU
|b 63413507
|c 20100426
|g PSBO
|
| 942 |
|
|
|c BK
|